<?xml version="1.0" encoding="UTF-8"?>
<record
    xmlns:xsi="http://www.w3.org/2001/XMLSchema-instance"
    xsi:schemaLocation="http://www.loc.gov/MARC21/slim http://www.loc.gov/standards/marcxml/schema/MARC21slim.xsd"
    xmlns="http://www.loc.gov/MARC21/slim">

  <leader>00556nam a22001697a 4500</leader>
  <datafield tag="010" ind1=" " ind2=" ">
    <subfield code="a">1617CH-EN</subfield>
  </datafield>
  <datafield tag="020" ind1=" " ind2=" ">
    <subfield code="a">9780312498061</subfield>
    <subfield code="c">499.00 </subfield>
  </datafield>
  <datafield tag="035" ind1=" " ind2=" ">
    <subfield code="a">B-647176-180</subfield>
  </datafield>
  <datafield tag="037" ind1=" " ind2=" ">
    <subfield code="a">DPL</subfield>
    <subfield code="b">Techniz/Ven.</subfield>
  </datafield>
  <datafield tag="082" ind1=" " ind2=" ">
    <subfield code="a">S</subfield>
  </datafield>
  <datafield tag="245" ind1=" " ind2=" ">
    <subfield code="a">First 100 machines bright baby / </subfield>
  </datafield>
  <datafield tag="260" ind1=" " ind2=" ">
    <subfield code="b">Macmillan </subfield>
    <subfield code="c">2015</subfield>
    <subfield code="a">London </subfield>
  </datafield>
  <datafield tag="270" ind1=" " ind2=" ">
    <subfield code="a">20 New Wharf Road, </subfield>
    <subfield code="b">London </subfield>
    <subfield code="e">NI 9RR</subfield>
  </datafield>
  <datafield tag="300" ind1=" " ind2=" ">
    <subfield code="a">12p.</subfield>
    <subfield code="c">27cm(Hb)</subfield>
  </datafield>
  <datafield tag="942" ind1=" " ind2=" ">
    <subfield code="2">ddc</subfield>
    <subfield code="c">CH</subfield>
    <subfield code="m">FIR</subfield>
    <subfield code="h">S</subfield>
  </datafield>
  <datafield tag="999" ind1=" " ind2=" ">
    <subfield code="c">100910</subfield>
    <subfield code="d">100910</subfield>
  </datafield>
  <datafield tag="952" ind1=" " ind2=" ">
    <subfield code="0">0</subfield>
    <subfield code="1">0</subfield>
    <subfield code="4">0</subfield>
    <subfield code="7">0</subfield>
    <subfield code="8">FIC</subfield>
    <subfield code="a">L</subfield>
    <subfield code="b">L</subfield>
    <subfield code="d">2016-12-23</subfield>
    <subfield code="e">TBI/235/26.08.16/TZ-16464/04.11.16/04.11.16</subfield>
    <subfield code="g">499.00</subfield>
    <subfield code="l">4</subfield>
    <subfield code="o">S FIR</subfield>
    <subfield code="p">B-647176</subfield>
    <subfield code="r">2020-01-13 00:00:00</subfield>
    <subfield code="s">2019-11-21</subfield>
    <subfield code="t">1</subfield>
    <subfield code="v">499.00</subfield>
    <subfield code="y">CH</subfield>
  </datafield>
  <datafield tag="952" ind1=" " ind2=" ">
    <subfield code="0">0</subfield>
    <subfield code="1">0</subfield>
    <subfield code="4">0</subfield>
    <subfield code="7">0</subfield>
    <subfield code="8">FIC</subfield>
    <subfield code="a">BL1</subfield>
    <subfield code="b">BL1</subfield>
    <subfield code="d">2016-12-23</subfield>
    <subfield code="e">TBI/235/26.08.16/TZ-16464/04.11.16/04.11.16</subfield>
    <subfield code="g">499.00</subfield>
    <subfield code="l">6</subfield>
    <subfield code="o">S FIR</subfield>
    <subfield code="p">B-647177</subfield>
    <subfield code="r">2022-04-13 00:00:00</subfield>
    <subfield code="s">2022-03-30</subfield>
    <subfield code="t">1</subfield>
    <subfield code="v">499.00</subfield>
    <subfield code="y">CH</subfield>
  </datafield>
  <datafield tag="952" ind1=" " ind2=" ">
    <subfield code="0">0</subfield>
    <subfield code="1">3</subfield>
    <subfield code="4">0</subfield>
    <subfield code="7">0</subfield>
    <subfield code="8">FIC</subfield>
    <subfield code="a">ZLS</subfield>
    <subfield code="b">ZLS</subfield>
    <subfield code="d">2016-12-23</subfield>
    <subfield code="e">TBI/235/26.08.16/TZ-16464/04.11.16/04.11.16</subfield>
    <subfield code="g">499.00</subfield>
    <subfield code="l">7</subfield>
    <subfield code="o">S FIR</subfield>
    <subfield code="p">B-647178</subfield>
    <subfield code="r">2022-02-01 00:00:00</subfield>
    <subfield code="s">2020-03-07</subfield>
    <subfield code="t">1</subfield>
    <subfield code="v">499.00</subfield>
    <subfield code="y">CH</subfield>
  </datafield>
  <datafield tag="952" ind1=" " ind2=" ">
    <subfield code="0">0</subfield>
    <subfield code="1">0</subfield>
    <subfield code="4">0</subfield>
    <subfield code="7">0</subfield>
    <subfield code="8">FIC</subfield>
    <subfield code="a">BL3</subfield>
    <subfield code="b">BL3</subfield>
    <subfield code="d">2016-12-23</subfield>
    <subfield code="e">TBI/235/26.08.16/TZ-16464/04.11.16/04.11.16</subfield>
    <subfield code="g">499.00</subfield>
    <subfield code="l">0</subfield>
    <subfield code="o">S FIR</subfield>
    <subfield code="p">B-647179</subfield>
    <subfield code="r">2016-12-23 00:00:00</subfield>
    <subfield code="t">1</subfield>
    <subfield code="v">499.00</subfield>
    <subfield code="y">CH</subfield>
  </datafield>
  <datafield tag="952" ind1=" " ind2=" ">
    <subfield code="0">0</subfield>
    <subfield code="1">0</subfield>
    <subfield code="4">0</subfield>
    <subfield code="7">0</subfield>
    <subfield code="8">FIC</subfield>
    <subfield code="a">BL4</subfield>
    <subfield code="b">BL4</subfield>
    <subfield code="d">2016-12-23</subfield>
    <subfield code="e">TBI/235/26.08.16/TZ-16464/04.11.16/04.11.16</subfield>
    <subfield code="g">499.00</subfield>
    <subfield code="l">23</subfield>
    <subfield code="m">1</subfield>
    <subfield code="o">S FIR</subfield>
    <subfield code="p">B-647180</subfield>
    <subfield code="r">2024-06-10 00:00:00</subfield>
    <subfield code="s">2024-06-04</subfield>
    <subfield code="t">1</subfield>
    <subfield code="v">499.00</subfield>
    <subfield code="y">CH</subfield>
  </datafield>
</record>
